| 000 | 00740nam a22002057a 4500 | ||
|---|---|---|---|
| 005 | 20130826123024.0 | ||
| 010 | _aENG-107823 | ||
| 020 |
_a9788192278339 _c795.00 |
||
| 035 | _aEN-91356 | ||
| 037 | _bDBAD/PUB | ||
| 082 | _a658.3 | ||
| 245 |
_aHuman resource development : _cedited by G.N. Brahmanandam [and] Nagaraju Battu _bissues, challenges and strategies / |
||
| 260 |
_aHyderabad _bParamount Publishing House _c2012 |
||
| 270 |
_a3-5-1105, 2nd floor, PVR Estates, behind Hero Honda showroom, Narayanaguda _bHyderabad _e500029 |
||
| 300 |
_a639p. : _c25cm(pbk) _bill. |
||
| 500 | _aIncludes bibliographical references | ||
| 700 | _aBrahmanandam, G.N. | ||
| 700 | _aBattu, Nagaraju | ||
| 942 |
_2ddc _cEN _mHUM _h658.3 |
||
| 999 |
_c77212 _d77212 |
||